[Event "Match"]
[Site "www.echecsemail.com"]
[Date "2016.09.22"]
[Round "1"]
[White "Nulladies"]
[Black "Coraza8091"]
[WhiteElo "1780"]
[BlackElo "1650"]
[Result "1-0"]
[Round "1"]
1.d4 d5
2.Bc1f4 Ng8f6
3.Nb1d2 g6
4.Ng1f3 Nb8c6
5.e3 a6
6.Bf1e2 Bf8g7
7.c3 O-O
8.Ra1c1 b5
9.b3 b4
10.O-O a5
11.Be2b5 Nc6a7
12.Bb5e2 Bc8g4
13.h3 Bg4xf3
14.Be2xf3 Na7b5
15.Nd2b1 c6
16.c4 Nb5a7
17.cxd5  { time }
1-0

[Event "Eq:Nightwish-Los Tercios : "]
[Site "www.chess-mail.com"]
[Date "2016.09.22"]
[Round "1"]
[White "Terrysweden"]
[Black "Stevefillion"]
[WhiteElo "1579"]
[BlackElo "2380"]
[Result "0-1"]
[Round "1"]
1.e4 c5
2.Nb1c3 Nb8c6
3.Bf1b5 Nc6d4
4.Bb5d3 e6
5.Ng1e2 Ng8e7
6.O-O Ne7c6
7.Bd3c4 a6
8.a3 b5
9.Bc4a2 Bc8b7
10.d3 Bf8e7
 { time }
0-1

[Event "Tourn. n8864"]
[Site "www.chess-mail.com"]
[Date "2016.09.23"]
[Round "1"]
[White "Seger"]
[Black "Conde7"]
[WhiteElo "2740"]
[BlackElo "2830"]
[Result "0-1"]
[Round "1"]
1.e4 e5
2.Ng1f3 Nb8c6
3.Bf1c4 Ng8f6
4.d3 Bf8c5
5.c3 d6
6.O-O a6
7.b4 Bc5a7
8.a4 Nc6e7
9.Bc1g5 Ne7g6
10.Nf3h4 c6
11.Nb1d2 d5
12.Bc4b3 O-O
13.Nh4xg6 hxg6
14.a5 Qd8d6
15.Qd1c2 Bc8e6
16.Ra1d1 Rf8e8
17.Qc2a2 Be6g4
18.Rf1e1 Bg4xd1
19.Re1xd1 Re8d8
20.Nd2f3 Rd8d7
21.Qa2e2 b5
22.g3 Qd6c7
23.Nf3d2 Ra8e8
24.Kg2 Kf8
25.h4 Qc7d6
26.Rd1e1 d4
27.c4 Qd6xb4
28.h5 gxh5
29.Re1h1 Ke7
30.Rh1xh5 Kd6
31.Bg5xf6 gxf6
32.Rh5h6 Kc7
33.Rh6xf6 Ba7c5
34.Rf6f5 Qb4xa5
35.Nd2f3 Qa5c3
36.Qe2d1 Rd7e7
37.Nf3h4 Bc5d6
38.Rf5f6 Re7d7
39.Nh4f3 Re8e6
40.Rf6f5 Re6h6
41.cxb5 axb5
42.Nf3g5 Rh6h8
43.Ng5xf7 Rh8a8
44.Bb3e6 Rd7e7
45.Rf5f6 Ra8a1
46.Qd1f3 Qc3e1
47.Kh3 Qe1h1
48.Qf3xh1 Ra1xh1
49.Kg4 Rh1c1
50.f4 exf4
51.gxf4 b4
52.Be6a2 Bd6c5
53.Nf7e5 Re7g7
54.Kf5 Bc5e7
55.Rf6h6 Rc1c3
56.Ba2c4 b3
57.Rh6xc6 Kb7
58.Rc6h6 b2
59.Bc4d5 Kc7
60.Bd5a2 Rc3c1
61.Rh6h2 b1Q
62.Ba2xb1 Rc1xb1
63.Rh2c2 Kb7
64.Ne5f3 Rb1b3
65.Nf3xd4 Rb3xd3
66.Rc2c4 Rd3d1
67.Ke5 Rg7h7
68.Ke6 Be7c5
69.Nd4e2 Kc6
70.Rc4c2 Rd1d8
71.Kf6 Rd8f8
72.Kg6 Rh7c7
73.Rc2a2 Rc7b7
74.Ra2c2 Kd6
75.Rc2d2 Ke6
76.f5 Ke7
77.Ne2f4 Rf8g8
{ resign }
0-1

[Event "Tourn. n8951"]
[Site "www.chess-mail.com"]
[Date "2016.09.23"]
[Round "1"]
[White "Cal"]
[Black "Attatroll"]
[WhiteElo "1710"]
[BlackElo "1840"]
[Result "0-1"]
[Round "1"]
1.c4 e5
2.e4 Ng8f6
3.d3 d6
4.h3 Bf8e7
5.a3 O-O
6.Ng1f3 Nb8c6
7.Nb1c3 a6
8.Bc1g5 h6
9.Bg5xf6 Be7xf6
10.Bf1e2 Bc8e6
11.O-O Nc6d4
12.b4 c6
13.Nf3h2 Qd8d7
14.f4 exf4
15.Rf1xf4 Nd4xe2
16.Qd1xe2 Bf6xc3
17.Ra1f1 Bc3d4
18.Kh1 a5
19.Rf1f3 Bd4e5
20.Rf4h4 Kh7
21.Nh2g4 Be6xg4
22.Rh4xg4 f6
23.Qe2f2 d5
24.cxd5 axb4
25.d4 bxa3
26.dxe5 a2
27.d6 h5
28.Rg4h4 a1Q
29.Kh2 Qa1xe5
30.g3 Qd7xd6
31.Rf3f5 Qe5a1
32.Rf5xh5 Kg8
33.Rh5h8 Kf7
34.Rh8h7 Ra8a2
35.Qf2xa2 Qa1xa2
{ resign }
0-1

[Event "Tourn. n8821"]
[Site "www.chess-mail.com"]
[Date "2016.09.23"]
[Round "1"]
[White "Prize64"]
[Black "Sontuozio"]
[WhiteElo "2390"]
[BlackElo "2250"]
[Result "0-1"]
[Round "1"]
1.e4 e6
2.d4 d5
3.Nb1d2 Ng8f6
4.e5 Nf6d7
5.f4 c5
6.c3 Nb8c6
7.Nd2f3 Qd8b6
8.g3 cxd4
9.cxd4 Bf8e7
10.Bf1h3 Be7b4
11.Kf2 g6
12.Ng1e2 Nc6a5
13.Rh1f1 Na5c4
14.Kg2 Bb4e7
15.b3 Nc4a3
16.Bc1e3 Qb6d8
17.Qd1d3 h5
18.Bh3xe6 Nd7f8
19.Be6xc8 Ra8xc8
20.Ra1c1 a6
21.f5 h4
22.f6 h3
23.Kh1 Be7b4
24.Rc1xc8 Qd8xc8
25.Rf1c1 Qc8d7
26.Ne2f4 Na3b5
27.a4 Nb5c7
28.Qd3c2 Kd8
29.Nf4d3 a5
30.Nd3xb4 axb4
31.Qc2c5 Nc7a6
32.Qc5b6 Ke8
33.Nf3g5 Rh8h5
34.Qb6a7 Nf8e6
35.Qa7a8 Ne6d8
36.Rc1c8 Rh5xg5
37.Be3xg5 Na6c7
38.Qa8xb7 Nc7e6
39.Rc8xd8 Ne6xd8
40.Qb7xd7 Kxd7
41.Kg1 Nd8b7
 { time }
0-1

[Event "Tourn. n8912"]
[Site "www.chess-mail.com"]
[Date "2016.09.23"]
[Round "1"]
[White "Paaliaq"]
[Black "Seger"]
[WhiteElo "2580"]
[BlackElo "2760"]
[Result "1-0"]
[Round "1"]
1.d4 e6
2.e4 a6
3.Bf1d3 d5
4.Nb1c3 Ng8f6
5.e5 Nf6d7
6.Nc3e2 c5
7.c3 Nb8c6
8.Ng1f3 Bf8e7
9.O-O b6
10.Ne2f4 Bc8b7
11.Bc1e3 a5
12.Rf1e1 O-O
13.Qd1b1 g6
14.Nf4e2 f6
15.Ne2f4 Qd8e8
16.Nf4xe6 cxd4
17.cxd4 fxe5
18.Ne6xf8 Qe8xf8
19.dxe5 Be7b4
20.e6 Nd7e5
21.Nf3xe5 Nc6xe5
22.Re1e2 Bb4e7
23.Be3xb6 Ne5xd3
24.Qb1xd3 Bb7a6
25.Qd3e3 Ba6xe2
26.Qe3xe2 a4
27.Ra1e1 Qf8f4
28.g3 Qf4b4
29.Qe2e3 Be7g5
30.f4 Bg5f6
31.Bb6c5 Qb4a5
32.Re1f1 Ra8e8
33.f5 d4
34.Bc5xd4 Bf6xd4
35.Qe3xd4 gxf5
36.Qd4e3 h6
37.Qe3xh6 Qa5b6
38.Rf1f2 Re8xe6
39.Qh6g5 Kh8
40.Qg5xf5 Re6e1
41.Kg2 Qb6c6
42.Qf5f3 Qc6xf3
43.Kxf3 a3
44.bxa3 Re1e5
45.Rf2c2 { resign }
1-0

[Event "Tourn. n8938"]
[Site "www.chess-mail.com"]
[Date "2016.09.23"]
[Round "1"]
[White "Giampaolo"]
[Black "Prize64"]
[WhiteElo "2350"]
[BlackElo "2370"]
[Result "1-0"]
[Round "1"]
1.Ng1f3 Ng8f6
2.g3 g6
3.Bf1g2 Bf8g7
4.d3 O-O
5.O-O d6
6.c4 c5
7.Nb1c3 Nb8c6
8.Ra1b1 Ra8b8
9.Bc1d2 a6
10.Qd1c1 Bc8d7
11.Bd2h6 Nc6d4
12.Bh6xg7 Kxg7
13.b4  { time }
1-0

[Event "Tourn. n8921"]
[Site "www.chess-mail.com"]
[Date "2016.09.23"]
[Round "1"]
[White "Sbb"]
[Black "Seger"]
[WhiteElo "2650"]
[BlackElo "2770"]
[Result "1/2-1/2"]
[Round "1"]
1.d4 Ng8f6
2.c4 e6
3.g3 d5
4.Ng1f3 Bf8b4
5.Bc1d2 Bb4e7
6.Bf1g2 O-O
7.O-O c6
8.Qd1c2 b6
9.Bd2f4 Nb8d7
10.cxd5 cxd5
11.Rf1c1 Bc8b7
12.Qc2b3 Ra8c8
13.Rc1xc8 Qd8xc8
14.Nb1c3 a6
15.Ra1c1 Qc8a8
16.Nc3a4 b5
17.Na4c5 Rf8c8
18.Nc5xb7 Rc8xc1
19.Bf4xc1 Qa8xb7
20.Qb3c2 Be7d6
21.e3 g6
22.Nf3e1 Nd7b8
23.f3 Nb8c6
24.Bc1d2 a5
25.Ne1d3 Qb7b6
26.b3 h5
27.Bg2f1 b4
28.Kg2 Kg7
29.Bf1e2 Qb6b7
30.Qc2d1 e5
31.dxe5 { draw }
1/2-1/2

[Event "Tourn. n8946"]
[Site "www.chess-mail.com"]
[Date "2016.09.23"]
[Round "1"]
[White "Cal"]
[Black "Umutkrc"]
[WhiteElo "1720"]
[BlackElo "1870"]
[Result "0-1"]
[Round "1"]
1.c4 d6
2.h3 e6
3.e4 Nb8c6
4.d4 h6
5.a3 e5
6.dxe5 Nc6xe5
7.Bc1f4 Ne5c6
8.Nb1c3 g5
9.Bf4g3 Bf8g7
10.Ng1f3 Ng8f6
11.Bf1d3 Nf6d7
12.O-O Nc6e5
13.Nf3h2 Ne5xd3
14.Qd1xd3 Nd7e5
15.Qd3e3 Ne5xc4
16.Qe3e2 Bc8e6
17.Qe2c2 Nc4b6
18.Nc3e2 Bg7e5
19.Ra1d1 Be6d7
20.Nh2f3 Be5xg3
21.fxg3 Qd8e7
22.b3 g4
23.hxg4 Bd7xg4
24.Nf3h2 Bg4h5
25.Ne2f4 Bh5xd1
26.Rf1xd1 O-O-O
27.Nh2f3 Rd8g8
28.Nf4h5 Nb6d7
29.Nf3d4 Nd7c5
30.Nd4f5 Qe7e5
31.Rd1d5 Qe5xe4
32.Qc2d2 Nc5xb3
33.Qd2d1 Rg8g5
34.Nh5f6 Qe4e6
35.g4 Qe6xf6
36.Qd1xb3 Rg5xg4
37.Rd5a5 Rh8g8
38.g3 Qf6xf5
39.Ra5xf5 Rg4xg3
40.Kf2 Rg3xb3
41.Rf5xf7 Rb3xa3
42.Rf7f5 Rg8g5
43.Rf5f8 Kd7
44.Rf8f7 Kc6
45.Rf7f6 h5
46.Rf6xd6 cxd6
{ resign }
0-1

[Event "Tourn. n8869"]
[Site "www.chess-mail.com"]
[Date "2016.09.23"]
[Round "1"]
[White "Prize64"]
[Black "Ejner"]
[WhiteElo "2370"]
[BlackElo "2470"]
[Result "0-1"]
[Round "1"]
1.e4 e6
2.d4 d5
3.Nb1c3 Ng8f6
4.e5 Nf6d7
5.f4 c5
6.Ng1f3 Nb8c6
7.Bc1e3 cxd4
8.Nf3xd4 Qd8b6
9.Nc3a4 Qb6a5
10.c3 Nc6xd4
11.Be3xd4 b5
12.Na4c5 Bf8xc5
13.b4 Bc5xb4
14.cxb4 Qa5xb4
15.Qd1d2 Qb4xd2
16.Kxd2 Nd7b6
17.Bd4xb6 axb6
18.Bf1xb5 Bc8d7
19.a4 Bd7xb5
20.axb5 Kd7
21.Rh1c1 Ra8a5
22.Ra1b1 Rh8c8
23.Rc1xc8 Kxc8
24.Ke3 Kd7
25.g3 h5
26.h4 f6
27.Kd3 Ra5a3
28.Kd4 Ra3xg3
29.Rb1a1 fxe5
30.Kxe5 Rg3e3
31.Kd4 Re3e4
32.Kd3 Kd6
33.Ra1a7 Re4xf4
34.Ra7xg7 Rf4xh4
 { time }
0-1

[Event "Tourn. n8936"]
[Site "www.chess-mail.com"]
[Date "2016.09.23"]
[Round "1"]
[White "Geretree"]
[Black "Cal"]
[WhiteElo "1870"]
[BlackElo "1700"]
[Result "1-0"]
[Round "1"]
1.e4 e5
2.Ng1f3 d6
3.Nb1c3 Bc8g4
4.h3 Bg4h5
5.g4 Bh5g6
6.Bf1c4 Ng8f6
7.d4 Nb8c6
8.d5 Nc6a5
9.Bc4b5 c6
10.dxc6 bxc6
11.Bb5a4 Bf8e7
12.h4 Nf6xg4
13.h5 Na5c4
14.Ba4xc6 Kf8
15.Bc6xa8 Qd8xa8
16.hxg6 fxg6
17.Qd1d5 h6
18.Qd5xa8 Kf7
19.Qa8d5 Kf6
20.Qd5xc4 h5
21.Nc3d5 Kf7
22.Nd5xe7 Kxe7
23.Bc1g5 Kd7
24.Ra1d1 Rh8f8
25.Qc4d5 Rf8xf3
26.Qd5xd6 Ke8
27.Qd6e7 
1-0

[Event "Match"]
[Site "www.echecsemail.com"]
[Date "2016.09.23"]
[Round "1"]
[White "Micheles"]
[Black "Ericleo1980"]
[WhiteElo "2560"]
[BlackElo "2130"]
[Result "1-0"]
[Round "1"]
1.d4 d5
2.Ng1f3 Ng8f6
3.Bc1g5 Nb8d7
4.Nb1d2 e6
5.e3 c6
6.Bf1d3 h6
7.Bg5h4 Bf8d6
8.e4 dxe4
9.Nd2xe4 Qd8a5
10.c3 Bd6e7
11.Ne4xf6 Be7xf6
12.Bh4xf6 Nd7xf6
13.a3 Qa5h5
14.O-O O-O
15.Qd1a4 Nf6d7
16.Rf1e1 f6
17.Qa4c2 e5
18.Bd3g6 Qh5g4
19.h3 Qg4e6
20.Nf3h4 Rf8d8
21.Bg6h7 Kf8
22.Nh4g6 Kf7
23.Ng6f4 Qe6d6
24.Qc2b3  { time }
1-0

[Event "Match"]
[Site "www.echecsemail.com"]
[Date "2016.09.23"]
[Round "1"]
[White "Chessnadja"]
[Black "Nimzo"]
[WhiteElo "2689"]
[BlackElo "2820"]
[Result "1/2-1/2"]
[Round "1"]
1.f4 d5
2.e3 Ng8f6
3.Ng1f3 g6
4.b3 Bf8g7
5.Bc1b2 O-O
6.c4 c5
7.cxd5 Nf6xd5
8.Bb2xg7 Kxg7
9.Qd1c1 b6
10.Bf1c4 Bc8b7
11.Nb1c3 Kg8
12.h4 Nd5f6
13.Nf3g5 { draw }
1/2-1/2

[Event "Match"]
[Site "www.echecsemail.com"]
[Date "2016.09.23"]
[Round "1"]
[White "Glenno"]
[Black "Joseph1983"]
[WhiteElo "2420"]
[BlackElo "2060"]
[Result "0-1"]
[Round "1"]
1.e4 c5
2.Ng1f3 d6
3.d4 cxd4
4.Nf3xd4 Ng8f6
5.Nb1c3 g6
6.Bc1e3 Bf8g7
7.f3 O-O
8.Qd1d2 Nb8c6
9.Bf1c4 Bc8d7
10.O-O-O Ra8c8
11.Bc4b3 Nc6e5
12.h4 h5
13.Be3g5 Ne5c4
14.Qd2e2 Nc4e5
15.Kb1 a6
16.Bg5xf6 Bg7xf6
17.g3 b5
18.Nc3d5 Bf6g7
19.Rh1e1 Ne5c4
20.Bb3xc4 Rc8xc4
21.b3 Rc4xd4
22.Rd1xd4 Bg7xd4
23.Qe2d2 Bd4g7
24.f4 Bd7e6
25.Nd5b4 Qd8a5
26.Re1e2 Rf8c8
27.e5 dxe5
28.fxe5 Rc8c5
29.Nb4d3 Qa5xd2
30.Re2xd2 Rc5d5
31.Kc1 Bg7h6
32.Nd3f4 Rd5xd2
33.Kxd2 Kf8
34.Kc3 Bh6xf4
35.gxf4 Ke8
36.Kb4 Be6c8
37.c4 bxc4
38.Kxc4 Kd7
39.Kd5 Kc7
40.Kc5 Bc8e6
41.Kd4 Kb6
42.Kd3 Kb5
43.Kc3 Kc5
44.a3 a5
45.Kc2 Kd4
46.b4 axb4
47.axb4 Kc4
48.b5 Kxb5
49.Kd3 Kc5
50.Ke4 Be6f5
51.Ke3 Kc4
52.Kd2 Kd4
53.Ke2 Ke4
54.Kd2 Kxf4
55.Ke2 Kxe5
56.Ke3 Bf5g4
57.Kd3 Kf4
58.Kd2 e5
59.Kc3 e4
{ resign }
0-1

[Event "Match"]
[Site "www.echecsemail.com"]
[Date "2016.09.23"]
[Round "1"]
[White "Chapi"]
[Black "Calmriver"]
[WhiteElo "2120"]
[BlackElo "1699"]
[Result "1-0"]
[Round "1"]
1.d4 e6
2.c4 Ng8f6
3.Nb1c3 Bf8b4
4.Bc1g5 h6
5.Bg5h4 d5
6.e3 O-O
7.Ng1f3 Nb8d7
8.Bf1d3 dxc4
9.Bd3xc4 Rf8e8
10.O-O e5
11.dxe5  { time }
1-0

[Event "Match"]
[Site "www.echecsemail.com"]
[Date "2016.09.23"]
[Round "1"]
[White "Orae"]
[Black "Iko"]
[WhiteElo "1810"]
[BlackElo "1620"]
[Result "0-1"]
[Round "1"]
1.e4 e5
2.Ng1f3 d6
3.h3 Ng8f6
4.Nf3g5 Bf8e7
5.Bf1c4 d5
6.exd5 Nf6xd5
7.Ng5xf7 Kxf7
8.Qd1f3 Ke6
9.Qf3g4 Kd6
10.Qg4e4 Bc8e6
11.Qe4d3 Kc5
12.Bc4b5 c6
13.Qd3c4 Kb6
14.Bb5a4 Nd5f4
15.Qc4e4 Qd8d4
16.Qe4xd4 exd4
17.O-O Be6d5
18.f3 Rh8f8
19.d3 Nf4e2
20.Kf2 Ne2xc1
21.Rf1xc1 Nb8a6
22.Rc1e1 Ra8e8
23.c4 Be7h4
24.g3 Rf8xf3
25.Kg1 Re8xe1
26.Kg2 Rf3f1
{ resign }
0-1

[Event "Match"]
[Site "www.echecsemail.com"]
[Date "2016.09.23"]
[Round "1"]
[White "Wagner"]
[Black "Hansen"]
[WhiteElo "1800"]
[BlackElo "1620"]
[Result "0-1"]
[Round "1"]
1.e4 a6
2.Nb1c3 Nb8c6
3.Ng1f3 e5
4.a3 g5
5.Bf1c4 g4
6.Nf3g1 Bf8c5
7.Qd1xg4 d5
8.Qg4g7 dxc4
9.Qg7xh8 Kf8
10.d3 Qd8h4
11.g3 Qh4g4
12.Qh8xh7 Nc6d4
13.Kf1 Nd4xc2
14.Ra1b1 Bc5d4
15.h3 Qg4e6
16.Qh7h8 f5
17.exf5 Qe6c6
18.Rh1h2 Bc8xf5
19.dxc4 Qc6xc4
20.Nc3e2 Bf5d3
21.b3 Bd3xe2
22.Ng1xe2 Qc4d3
23.Bc1h6 Ke7
24.Qh8g7 Kd6
25.Qg7g5 Ra8f8
26.Bh6xf8 Kc6
27.Qg5xg8 Nc2xa3
28.Qg8e6 Kb5
29.Bf8xa3 Qd3xb1
30.Kg2 Qb1d3
31.Qe6d7 c6
32.Qd7xb7 Bd4b6
33.Ne2c1 Qd3e4
34.f3 Qe4c2
35.Kh1 Qc2d1
{ resign }
0-1

[Event "Match"]
[Site "www.echecsemail.com"]
[Date "2016.09.23"]
[Round "1"]
[White "Azorau"]
[Black "Canario"]
[WhiteElo "2020"]
[BlackElo "1820"]
[Result "1/2-1/2"]
[Round "1"]
1.Ng1f3 Nb8c6
2.e4 e5
3.Bf1c4 h6
4.c3 Ng8f6
5.Qd1b3 Qd8e7
6.O-O Nf6xe4
7.Rf1e1 Ne4c5
8.Qb3c2 a6
9.d4 Qe7f6
10.dxc5 Bf8xc5
11.Nb1d2 O-O
12.Nd2e4 Qf6f5
13.Bc4d3 Qf5e6
14.Ne4xc5 Qe6d5
15.Nc5b3 Nc6e7
16.Re1d1 Qd5e6
17.Rd1e1 d6
18.Nf3d4 Qe6f6
19.Nd4f3 Bc8f5
20.Nb3a5 b6
21.Na5c4 a5
22.Bd3e4 Ra8d8
23.a4 d5
24.Be4xf5 Ne7xf5
25.Nc4xe5 c5
26.Ne5g4 Qf6g6
27.Ng4e5 Qg6f6
28.Ne5g4 Qf6g6
29.Ng4e5 Qg6f6
30.Ne5g4 Qf6g6
{ draw }
1/2-1/2

[Event "Match"]
[Site "www.echecsemail.com"]
[Date "2016.09.23"]
[Round "1"]
[White "Raulazo"]
[Black "Caspito"]
[WhiteElo "1910"]
[BlackElo "1840"]
[Result "1-0"]
[Round "1"]
1.e4 e5
2.Bf1c4 Ng8f6
3.Nb1c3 Bf8b4
4.Ng1f3 O-O
5.Nc3d5 a5
6.c3 Bb4c5
7.d4 exd4
8.cxd4 Bc5b4
9.Bc1d2 Nf6xe4
10.Bd2xb4 axb4
11.Nd5xb4 c6
12.O-O d5
13.Bc4d3 Bc8g4
14.Bd3e2 Qd8f6
15.Nb4c2 Nb8d7
16.Nc2e3 b6
17.Ne3xg4 Qf6e6
18.Ng4e5 Nd7xe5
19.dxe5 Ra8a5
20.Nf3d4 Qe6e8
21.Nd4f3 f6
22.Qd1d4 fxe5
23.Qd4xb6 Ra5c5
24.Be2d3 Qe8e7
25.Bd3xe4 dxe4
26.Nf3d2 e3
27.fxe3 Rc5c2
28.Qb6b3 { resign }
1-0

[Event "Match"]
[Site "www.echecsemail.com"]
[Date "2016.09.23"]
[Round "1"]
[White "Calmriver"]
[Black "Pwain"]
[WhiteElo "1699"]
[BlackElo "2360"]
[Result "0-1"]
[Round "1"]
1.d4 c5
2.d5 Ng8f6
3.c4 b5
4.cxb5 a6
5.b6 e6
6.Nb1c3 Bc8b7
7.e4 exd5
8.exd5 d6
9.Ng1f3 Nb8d7
 { time }
0-1

[Event "Match"]
[Site "www.echecsemail.com"]
[Date "2016.09.23"]
[Round "1"]
[White "Manuelito"]
[Black "Nulladies"]
[WhiteElo "1599"]
[BlackElo "1760"]
[Result "0-1"]
[Round "1"]
1.d4 Ng8f6
2.e3 d5
3.Ng1f3 Bc8f5
4.c4 e6
5.Nb1c3 c5
6.cxd5 exd5
7.dxc5 Bf8xc5
8.Bf1d3 Nf6e4
9.Nc3xe4 dxe4
10.Bd3b5 Nb8c6
11.Qd1xd8 Ra8xd8
12.O-O exf3
13.gxf3 O-O
14.Bb5xc6 bxc6
15.e4 Bf5h3
16.Rf1e1 Rd8d6
17.Bc1f4 Rd6d7
18.Ra1c1 Bc5b4
19.Re1e2 Rf8d8
{ resign }
0-1

[Event "Match"]
[Site "www.echecsemail.com"]
[Date "2016.09.23"]
[Round "1"]
[White "Pariolinius"]
[Black "Raulazo"]
[WhiteElo "1800"]
[BlackElo "1910"]
[Result "1-0"]
[Round "1"]
1.Ng1f3 Nb8c6
2.c4 e5
3.Nb1c3 Ng8f6
4.e4 Bf8c5
5.d3 Nf6g4
6.Bc1e3 Bc5xe3
7.fxe3 Ng4xe3
8.Qd1d2 Ne3g4
9.Bf1e2 O-O
10.O-O d6
11.h3 Ng4f6
12.a3 Nc6a5
13.Be2d1 c6
14.b4 Qd8b6
15.Kh1 Na5xc4
16.dxc4 Bc8e6
17.Nc3a4 Qb6d8
18.Bd1b3 b5
19.Na4b2 Nf6xe4
20.Qd2c2 Ne4g3
21.Kg1 Ng3xf1
22.Ra1xf1 Rf8e8
23.Qc2e4 Qd8b6
24.c5 dxc5
25.Bb3xe6 c4
26.Kh1 Re8xe6
27.Nf3g5 Re6e7
28.Qe4xh7 { resign }
1-0

[Event "Match"]
[Site "www.echecsemail.com"]
[Date "2016.09.23"]
[Round "1"]
[White "Coraza8091"]
[Black "Cal"]
[WhiteElo "1650"]
[BlackElo "1770"]
[Result "0-1"]
[Round "1"]
1.e4 e5
2.Ng1f3 d6
3.h3 h6
4.Bf1c4 Ng8f6
5.Nb1c3 c6
6.a4 a5
7.O-O Bf8e7
8.d4 Nf6xe4
9.Nc3xe4 d5
10.Ne4c3 dxc4
11.Nf3xe5 O-O
12.Ne5xc4 Bc8f5
13.Rf1e1 Be7b4
14.Re1e5 Bf5g6
15.Nc3e2 Nb8a6
16.c3 Bb4e7
17.Nc4xa5 Rf8e8
18.Na5xb7 Qd8d7
19.Nb7c5 Na6xc5
20.b4 Nc5d3
21.Re5e3 Qd7d5
22.Re3xd3 Bg6xd3
23.Qd1xd3 Be7f6
24.c4 Qd5d7
25.Bc1e3 Ra8d8
26.c5 Qd7d5
27.Ne2f4 Qd5d7
28.Ra1d1 Bf6g5
29.Nf4e2 Bg5xe3
30.fxe3 Qd7d5
31.Ne2f4 Re8e4
32.Nf4xd5 cxd5
33.Kf2 Rd8e8
34.b5 f5
35.Rd1e1 f4
36.Qd3b3 Re8f8
37.Qb3xd5 Kh8
38.Qd5xe4 fxe3
 { time }
0-1

[Event "Match"]
[Site "www.echecsemail.com"]
[Date "2016.09.23"]
[Round "1"]
[White "Iko"]
[Black "Coraza8091"]
[WhiteElo "1620"]
[BlackElo "1650"]
[Result "1-0"]
[Round "1"]
1.e4 e5
2.Ng1f3 Nb8c6
3.Bf1b5 Nc6d4
4.Nf3xd4 exd4
5.O-O c6
6.Bb5c4 b5
7.Bc4d3 Ng8f6
8.c3 Bf8c5
9.b4 Bc5d6
10.Nb1a3 Qd8e7
11.cxd4 Bd6xb4
12.e5 Nf6d5
13.Qd1c2 Bb4xa3
14.Bc1xa3 Qe7xa3
15.Ra1b1 Nd5b4
16.Rb1xb4 Qa3xb4
17.Rf1b1 Qb4xd4
18.Bd3xh7  { time }
1-0

[Event "Match"]
[Site "www.echecsemail.com"]
[Date "2016.09.23"]
[Round "1"]
[White "Calponas"]
[Black "Krazy4chess"]
[WhiteElo "1980"]
[BlackElo "2040"]
[Result "1-0"]
[Round "1"]
1.c4 e5
2.Nb1c3 Ng8f6
3.d3 Bf8e7
4.Bc1g5 O-O
5.g3 d6
6.Bf1g2 Nb8c6
7.Qd1d2 h6
8.Bg5xf6 Be7xf6
9.Ng1f3 Nc6e7
10.O-O c6
11.Nc3e4 Ne7g6
12.Ne4xf6 Qd8xf6
13.b4 d5
14.cxd5 cxd5
15.Ra1c1 Bc8e6
16.Rc1c7 b6
17.Rf1c1 Rf8c8
18.Rc1c6 Rc8xc7
19.Rc6xc7 a6
20.Qd2c2 b5
21.Qc2c6 Ng6e7
22.Qc6xa8 { resign }
1-0

[Event "Match"]
[Site "www.echecsemail.com"]
[Date "2016.09.23"]
[Round "1"]
[White "Guzenko"]
[Black "Wwgia"]
[WhiteElo "2049"]
[BlackElo "2090"]
[Result "1-0"]
[Round "1"]
1.d4 Ng8f6
2.d5 e6
3.Bc1g5 exd5
4.Ng1f3 Bf8c5
5.e3 c6
6.Nb1c3 d6
7.Bf1e2 O-O
8.Nc3a4 Nb8d7
9.Na4xc5 dxc5
10.c3 Qd8e8
11.Nf3d2 Nf6e4
12.Nd2xe4 Qe8xe4
13.Be2f3 Qe4g6
14.Bg5f4 Rf8e8
15.O-O Nd7e5
16.Bf3h5 Qg6f6
17.Ra1b1 Bc8f5
18.Bf4xe5  { time }
1-0

[Event "Match"]
[Site "www.echecsemail.com"]
[Date "2016.09.23"]
[Round "1"]
[White "Iko"]
[Black "Mrmoto"]
[WhiteElo "1630"]
[BlackElo "1630"]
[Result "1-0"]
[Round "1"]
1.e4 e5
2.Ng1f3 Nb8c6
3.Bf1b5 a6
4.Bb5xc6 dxc6
5.Nf3xe5 Ng8f6
6.O-O Nf6xe4
7.Qd1f3 Qd8f6
8.Qf3xe4 Bc8e6
9.d4 O-O-O
10.Bc1f4 Be6d5
11.Qe4e3 Bf8d6
12.Nb1c3 Bd5e6
13.Ra1e1 b6
14.Bf4g5 { resign }
1-0

[Event "Tourn. n8955"]
[Site "www.chess-mail.com"]
[Date "2016.09.24"]
[Round "1"]
[White "Norlavuaram"]
[Black "Wwgia"]
[WhiteElo "2150"]
[BlackElo "2110"]
[Result "1-0"]
[Round "1"]
1.e4 c5
2.Ng1f3 Nb8c6
3.d4 cxd4
4.Nf3xd4 g6
5.Nb1c3 Bf8g7
6.Bc1e3 Ng8f6
7.Bf1c4 O-O
8.f3 d6
9.Qd1d2 Nf6d7
10.O-O-O  { time }
1-0

[Event "Tourn. n8949"]
[Site "www.chess-mail.com"]
[Date "2016.09.24"]
[Round "1"]
[White "Mitja"]
[Black "Francesco"]
[WhiteElo "1900"]
[BlackElo "1980"]
[Result "0-1"]
[Round "1"]
1.d4 Ng8f6
2.e3 d5
3.h3 Bc8f5
4.Ng1e2 e6
5.Ne2g3 Bf5g6
6.c3 Bf8d6
7.Nb1d2 Nb8d7
8.Nd2f3 c5
9.dxc5 Nd7xc5
10.Bf1b5 Nc5d7
11.Bb5a4 O-O
12.O-O Nd7c5
13.Ba4c2 Bg6xc2
14.Qd1xc2 Bd6xg3
15.fxg3 Nf6e4
16.g4 Ra8c8
17.Nf3d4 Qd8h4
18.Nd4f3 Qh4e7
19.b4 Nc5d7
20.Bc1b2 Qe7xb4
21.cxb4 Rc8xc2
22.Ra1b1 Rf8c8
23.Rf1c1 h6
24.Nf3d4 Rc2xc1
25.Rb1xc1 Rc8xc1
26.Bb2xc1 a6
27.a3 Nd7b6
28.Kf1 Kf8
29.Ke2 Ke7
30.Nd4f3 Kd6
31.Bc1b2 f6
32.Bb2c1 Nb6c4
33.Kd3 b5
34.Ke2 Ne4c3
35.Kd3 Nc3b1
36.Nf3d2 Nb1xa3
37.Nd2xc4 Na3xc4
38.Kd4 e5
39.Kd3 e4
40.Kd4 Nc4e5
41.Bc1d2 Ne5c6
42.Kc3 Ke5
43.Kb3 d4
44.exd4 Kxd4
{ resign }
0-1

[Event "Tourn. n8960"]
[Site "www.chess-mail.com"]
[Date "2016.09.24"]
[Round "1"]
[White "Norlavuaram"]
[Black "Wwgia"]
[WhiteElo "2150"]
[BlackElo "2110"]
[Result "1-0"]
[Round "1"]
1.e4 c5
2.Ng1f3 Nb8c6
3.d4 cxd4
4.Nf3xd4 g6
5.Nb1c3 Bf8g7
6.Bc1e3 d6
7.Bf1c4 Ng8f6
8.f3 O-O
9.Qd1d2 Bc8d7
10.O-O-O  { time }
1-0

[Event "Tourn. n8940"]
[Site "www.chess-mail.com"]
[Date "2016.09.24"]
[Round "1"]
[White "Panham"]
[Black "Orhany24"]
[WhiteElo "2160"]
[BlackElo "2220"]
[Result "1-0"]
[Round "1"]
1.d4 Ng8f6
2.c4 d5
3.Nb1c3 Bc8f5
4.cxd5 Nf6xd5
5.Qd1b3 Nd5xc3
6.bxc3 b6
7.Ng1f3 e6
8.g3 c6
9.Bf1g2 Bf8d6
10.Bc1g5 Bd6e7
11.Bg5xe7 Qd8xe7
12.Nf3e5 O-O
13.O-O Kh8
14.e4 Bf5g6
15.Rf1e1 f6
16.Ne5xg6 hxg6
17.e5 f5
18.d5 cxd5
19.c4 Nb8d7
20.cxd5 Nd7c5
21.d6 Qe7d7
22.Qb3c4 Ra8c8
23.Qc4h4 Kg8
24.Qh4g5 Kf7
25.Ra1d1 Rf8h8
26.g4 Rh8h7
27.Re1e3 Rc8h8
28.gxf5 gxf5
29.Re3g3 Kf8
30.Bg2c6 Qd7xc6
31.Qg5e7 Kg8
32.d7 Nc5xd7
33.Qe7e8 { resign }
1-0

[Event "Tourn. n8868"]
[Site "www.chess-mail.com"]
[Date "2016.09.24"]
[Round "1"]
[White "Azulmarino"]
[Black "Cal"]
[WhiteElo "1600"]
[BlackElo "1620"]
[Result "0-1"]
[Round "1"]
1.e4 e5
2.Ng1f3 d6
3.Bf1c4 h6
4.Nb1c3 Ng8f6
5.d3 Nb8c6
6.Bc1e3 a6
7.a3 Bf8e7
8.h3 O-O
9.b4 Bc8e6
10.Bc4xe6 fxe6
11.d4 exd4
12.Be3xd4 e5
13.Bd4e3 b5
14.O-O Nf6h5
15.Nc3d5 a5
16.a4 bxa4
17.Ra1xa4 axb4
18.c3 bxc3
19.Nd5xc3 Ra8b8
20.Nc3d5 Qd8d7
21.g4 Nh5f4
22.Nd5xf4 exf4
23.Be3c1 Rb8b1
24.Qd1d5 Kh8
25.Nf3h4 Nc6e5
26.Bc1xf4 Rb1xf1
27.Kxf1 Qd7xa4
28.Bf4xe5 dxe5
29.Qd5xe5 Be7xh4
30.Qe5xc7 Qa4d1
31.Kg2 Qd1f3
32.Kh2 Qf3xf2
33.Kh1 Qf2f1
{ resign }
0-1

[Event "Tourn. n8962"]
[Site "www.chess-mail.com"]
[Date "2016.09.24"]
[Round "1"]
[White "Osmundw"]
[Black "Cal"]
[WhiteElo "1430"]
[BlackElo "1680"]
[Result "0-1"]
[Round "1"]
1.e4 e5
2.Ng1f3 d6
3.Bf1b5 c6
4.Bb5d3 h6
5.b3 Ng8f6
6.g4 Bc8xg4
7.Bd3c4 b5
8.Bc4e2 a5
9.Nf3h4 Bg4h3
10.Nb1c3 Nf6d7
11.Rh1g1 Qd8xh4
12.Rg1g4 Bh3xg4
13.Be2xg4 d5
14.exd5 Nd7f6
15.h3 Bf8c5
16.d4 Bc5xd4
17.dxc6 Qh4xf2
{ resign }
0-1

[Event "Tourn. n8943"]
[Site "www.chess-mail.com"]
[Date "2016.09.24"]
[Round "1"]
[White "Picifarkinca"]
[Black "Bojan"]
[WhiteElo "2020"]
[BlackElo "1890"]
[Result "0-1"]
[Round "1"]
1.e4 Nb8c6
2.d4 d5
3.e5 Bc8e6
4.c3 a6
5.f4 Qd8d7
6.Ng1f3 Ng8h6
7.h3 f6
8.Bf1d3 Be6f5
9.Qd1c2 g6
10.g4 Bf5xd3
11.Qc2xd3 Nc6a5
12.b3 b6
13.Bc1e3 Nh6f7
14.Nb1d2 Bf8g7
15.O-O-O Na5b7
16.Kb2 Nf7h6
17.Nf3h4 c5
18.f5 gxf5
19.gxf5 fxe5
20.dxe5 O-O-O
21.e6 Qd7c6
22.Be3g5 Rh8e8
23.Qd3xa6 Kc7
24.Bg5f4 Nb7d6
25.Qa6a7 Kc8
26.Nd2f3 Re8f8
27.Qa7xe7 Nh6xf5
28.Nh4xf5 Nd6xf5
29.Nf3e5 Nf5xe7
30.Ne5xc6 Ne7xc6
{ resign }
0-1

[Event "Tourn. n8864"]
[Site "www.chess-mail.com"]
[Date "2016.09.24"]
[Round "1"]
[White "Ejner"]
[Black "Seger"]
[WhiteElo "2470"]
[BlackElo "2740"]
[Result "0-1"]
[Round "1"]
1.Ng1f3 d5
2.c4 d4
3.b4 c5
4.e3 Ng8f6
5.Bc1b2 dxe3
6.fxe3 cxb4
7.Bf1e2 Bc8g4
8.O-O e6
9.d4 Bf8e7
10.Nb1d2 O-O
11.Qd1e1 a5
12.Be2d3 a4
13.Ra1c1 Nb8c6
14.Kh1 b3
15.axb3 Nc6b4
16.Bd3b1 axb3
17.Nd2xb3 Nb4a2
18.Rc1c2 Bg4f5
19.Rc2e2 Be7b4
20.Qe1h4 Nf6e4
21.Qh4xd8 Rf8xd8
22.Bb1c2 Na2c3
23.Bb2xc3 Ne4xc3
24.Re2f2 Nc3e4
25.Rf2e2 Ra8a3
26.Nb3c1 Bb4a5
27.Bc2b3 Rd8c8
28.Re2a2 Ra3xa2
29.Bb3xa2 Ne4d2
{ resign }
0-1